Online
Catalog
Normal view MARC view

Entry Término temático

Number of records used in: 1

001 - NÚMERO DE CONTROL

  • campo de control: 16461

003 - IDENTIFICADOR DEL NÚMERO DE CONTROL

  • campo de control: BNPHU

005 - FECHA Y HORA DE LA ÚLTIMA TRANSACCIÓN

  • campo de control: 20260326134906.0

008 - DATOS DE LONGITUD FIJA

  • campo de control de longitud fija: 200615|| aca||aabn | a|a d

010 ## - NÚMERO DE CONTROL DE LA BIBLIOTECA DEL CONGRESO

  • Número de control de LC: sh 85031611

040 ## - FUENTE DE LA CATALOGACIÓN

  • Centro catalogador/agencia de origen: DO-SdBNP
  • Lengua de catalogación: spa
  • Centro/agencia transcriptor: BNPHU
  • Normas de descripción: rda

150 ## - ENCABEZAMIENTO--TÉRMINO DE MATERIA

  • Término de materia o nombre geográfico como elemento de entrada: Contratación (Derecho laboral)

450 0# - TRAZADO DE VÉASE--TÉRMINO DE MATERIA

  • Término de materia o nombre geográfico como elemento de entrada: Contract system (Labor)

450 ## - TRAZADO DE VÉASE--TÉRMINO DE MATERIA

  • Término de materia o nombre geográfico como elemento de entrada: Contratación (Trabajo)

450 ## - TRAZADO DE VÉASE--TÉRMINO DE MATERIA

  • Término de materia o nombre geográfico como elemento de entrada: Sistema de contratación (Derecho laboral)

450 ## - TRAZADO DE VÉASE--TÉRMINO DE MATERIA

  • Término de materia o nombre geográfico como elemento de entrada: Sistema de contratación (Trabajo)

450 ## - TRAZADO DE VÉASE--TÉRMINO DE MATERIA

  • Término de materia o nombre geográfico como elemento de entrada: Sistemas de contrato laboral
  • Subcampo de control: nno

550 ## - TRAZADO VÉASE ADEMÁS--TÉRMINO DE MATERIA

  • Término de materia o nombre geográfico como elemento de entrada: Contratos de trabajo
  • Subcampo de control: g

670 ## - FUENTE DE DATOS ENCONTRADOS

  • Cita de la fuente: Work cat.: (OSt)5622: Alburquerque, Rafael F. 16458, El contrato de trabajo /, 1976.

670 ## - FUENTE DE DATOS ENCONTRADOS

  • Identificador Uniforme del Recurso: https://librunam.dgb.unam.mx:8443/F/B7Y2DKEN7KSJAFLGH892Y29PXM9TBI29JAA2RR3BIEE3CEJHPX-42903?func=full-set-set&set_number=011060&set_entry=000001&format=001 Consultado en 27 de Marzo, 2026

680 ## - NOTA GENERAL PÚBLICA

  • Texto explicativo: Aquí se asientan las obras sobre el empleo, por un empleador, de trabajadores bajo contrato con otro empleador o con un contratista, y sobre el préstamo de trabajadores por un empleador a otro empleador. Obras sobre el empleo privado de convictos se asientan bajo
  • Encabezamiento o término de subdivisión: Trabajo en las prisiones.

750 0# - ENTRADA DE ENLACE DE ENCABEZAMIENTO ESTABLECIDO--TÉRMINO DE MATERIA

  • Número de control del registro de autoridad o número normalizado: sh 85031611
  • Término de materia o nombre geográfico como elemento de entrada: Contract system (Labor)

Powered by Koha